Statistics for Largest U.S. States by Category

Click here to take the quiz!

General Stats

  • This quiz has been taken 64 times
  • The average score is 9 of 12

Answer Stats

CategoryState% Correct
Which borders the Great North American LakesMichigan
98%
Which borders the Pacific OceanAlaska
95%
Which borders the Atlantic Ocean
(Excluding the Gulf of Mexico)
Florida
91%
Which has no access to the seaMontana
86%
Which has a geographical direction in its name
(e.g. North or South)
South Dakota
83%
Which has "New" in its nameNew Mexico
79%
Which has a land border with another countryAlaska
76%
Whose name begins with the letter IIdaho
76%
Whose capital is the largest cityArizona
62%
Which borders the state of NebraskaColorado
55%
Which has a land border with three statesCalifornia
53%
Which borders only witch other statesNevada
31%

Score Distribution

Percentile by Number Answered

Percent of People with Each Score

Your Score History

You have not taken this quiz